[Event "JUG-chT"]
[Site "Vrnjacka Banja"]
[Date "1999.??.??"]
[Round "6"]
[White "Damljanovic, Branko"]
[Black "Ostojic, Nikola"]
[Result "0-1"]
[WhiteElo "2554"]
[BlackElo "2419"]

1.c4 Nf6 2.Nc3 e6 3.Nf3 c5 4.g3 b6 5.Bg2 Bb7 6.O-O Be7 7.Re1 d5 8.cxd5 Nxd5
9.e4 Nxc3 10.bxc3 Nc6 11.d4 O-O 12.d5 Na5 13.h4 exd5 14.exd5 Bf6 15.Ng5 h6
16.Ne4 Be5 17.Qh5 f5 18.Nxc5 Bxc3 19.Nxb7 Nxb7 20.Bg5 hxg5 21.hxg5 Bxe1 22.g6 Re8
23.d6 Qxd6 24.Qh7+ Kf8 25.Qh8+ Ke7 26.Rxe1+ Kd7 27.Qxg7+ Re7 28.Rxe7+ Qxe7  0-1

[Event "Wisla Hugart op (Women)"]
[Site "Warsaw"]
[Date "1999.??.??"]
[Round "?"]
[White "Radziewicz, Iweta"]
[Black "Cmilyte, Viktorija"]
[Result "1/2-1/2"]
[WhiteElo "2384"]
[BlackElo "2310"]

1.Nf3 Nf6 2.c4 e6 3.Nc3 c5 4.d4 cxd4 5.Nxd4 a6 6.a3 Qc7 7.e3 b6 8.b4 Bb7
9.Bb2 Nc6 10.Rc1 Ne5 11.Qd2 Rc8 12.f4 Ng6 13.Bd3 Nh4 14.Rg1 Ng6 15.Rf1 Qb8
16.Nf3 Be7 17.Kf2 a5 18.Nb5 axb4 19.axb4 Ne4+ 20.Bxe4 Bxe4 21.Ne5 Qb7 22.Kg1 f6
23.Nf3 O-O 24.Nd6 Bxd6 25.Qxd6 Qc6 26.Qd2 Qb7 27.Rf2 Ra8 28.Qd4 d5 29.Nd2 e5
30.Qc3 exf4 31.exf4 Bf5 32.Nf1 dxc4 33.Qxc4+ Qf7 34.Qb5 Qd7 35.Qxd7 Bxd7
36.Bd4 b5 37.Rc7 Rfd8 38.Bc5 Rac8 39.Ra7 Ra8 40.Rd2 Bc6 41.Rd6 Rxd6 42.Rxa8+ Bxa8
43.Bxd6 Nh4 44.Ne3 Kf7 45.Kf2 Ke6 46.Bc5 Nf5 47.Nd1 h5 48.Nc3 Bc6 49.g3 g5
50.fxg5 fxg5 51.h3 Ke5 52.Be3 Kf6 53.Bb6  1/2-1/2

[Event "Israeli League"]
[Site "Ramat Aviv ISR"]
[Date "2000.01.14"]
[Round "1"]
[White "Lahav,E"]
[Black "Greenfeld,A"]
[Result "1/2-1/2"]
[WhiteElo "2357"]
[BlackElo "2563"]

1.Nf3 Nf6 2.c4 c5 3.Nc3 e6 4.g3 Be7 5.Bg2 O-O 6.O-O d5 7.cxd5 Nxd5 8.d4 Nc6
9.e4 Ndb4 10.dxc5 Bxc5 11.Qe2 b6 12.Rd1 Qe8 13.e5 Ba6 14.Qe4 Rd8 15.Bf4 Ne7
16.Rxd8 Qxd8 17.Rd1 Nd3 18.Be3 Nd5 19.Rxd3 Bxd3 20.Qxd3 Nxe3 21.Qxd8 Rxd8
22.fxe3 Rd3 23.Kf1 Rxe3 24.Na4 h6 25.Nxc5 bxc5 26.Kf2 Re4 27.Bf1 g5 28.b3 Rb4
29.Bc4 Rb8 30.Ke3 Kf8 31.Nd2 Rd8 32.Bd3 Ke7 33.Nc4 g4 34.Bc2 h5 35.a4 Rd5
36.a5 Rd8 37.Bd3 Rb8  1/2-1/2

[Event "Troll Masters"]
[Site "Gausdal NOR"]
[Date "2000.01.15"]
[Round "8"]
[White "Rausis,I"]
[Black "Rytshagov,M"]
[Result "1/2-1/2"]
[WhiteElo "2496"]
[BlackElo "2539"]

1.Nf3 c5 2.c4 Nf6 3.Nc3 d5 4.cxd5 Nxd5 5.g3 Nc6 6.Bg2 g6 7.O-O Bg7 8.d4 cxd4
9.Nxd4 Nxc3 10.bxc3 Nxd4 11.cxd4 Qxd4 12.Rb1 O-O 13.Be3 Qc4 14.Qd2 Be6 15.Rxb7  1/2-1/2

[Event "Extraliga CZE"]
[Site "Ostrava CZE"]
[Date "2000.01.15"]
[Round "6"]
[White "Suran,J"]
[Black "Jaworski,Mi"]
[Result "0-1"]
[WhiteElo "2338"]
[BlackElo "2404"]

1.Nf3 Nf6 2.c4 c5 3.Nc3 b6 4.e4 d6 5.d4 cxd4 6.Nxd4 Bb7 7.f3 Nbd7 8.Be2 a6
9.Be3 e6 10.O-O Be7 11.Qd2 O-O 12.Rfd1 Rc8 13.Rac1 Qc7 14.Bf1 Qb8 15.Qf2 Rfe8
16.a3 Bd8 17.b4 Bc7 18.h3 Kh8 19.Nb3 Rg8 20.a4 g5 21.c5 dxc5 22.bxc5 bxc5
23.Kh1 Bf4 24.Bxf4 Qxf4 25.Qb2 Rg7 26.Na5 Ba8 27.Bxa6 Rcg8 28.Ne2 Qh4 29.Kg1 g4
30.hxg4 Nxg4 31.fxg4 Qxg4 32.Nc3 Ne5 33.Qe2 Qh3 34.Rc2 Nf3+ 35.Kf1 Qh1+ 36.Kf2 Rxg2+
37.Kxf3 Qh3+  0-1

[Event "Extraliga CZE"]
[Site "Ostrava CZE"]
[Date "2000.01.16"]
[Round "7"]
[White "Pribyl,J"]
[Black "Zurek,M"]
[Result "1/2-1/2"]
[WhiteElo "2384"]
[BlackElo "2457"]

1.c4 Nf6 2.Nc3 c5 3.Nf3 e6 4.g3 d5 5.cxd5 exd5 6.d4 c4 7.Bg2 Nc6 8.O-O Be7
9.Ne5 h6 10.f4 O-O 11.e3 Bb4 12.Qc2 Ne7  1/2-1/2

[Event "Extraliga CZE"]
[Site "Ostrava CZE"]
[Date "2000.01.16"]
[Round "7"]
[White "Pacovsky,J"]
[Black "Olsar,J"]
[Result "1/2-1/2"]
[WhiteElo "2350"]
[BlackElo "2250"]

1.c4 Nf6 2.Nc3 c5 3.Nf3 b6 4.g3 Bb7 5.Bg2 e6 6.O-O Be7 7.b3 d5 8.cxd5 Nxd5
9.Bb2 Bf6 10.d4 O-O 11.Re1 Nxc3 12.Bxc3 Be4 13.Rc1 Nd7 14.e3 Rc8 15.Qe2 Rc7
16.dxc5 Bxc3 17.Rxc3 Rxc5 18.Rxc5 Nxc5 19.b4 Nd7 20.Rd1 Qc7 21.Qb5 Nf6 22.Nd4 Bxg2
23.Kxg2 Rd8 24.Qa4 h5 25.Nf3 Rxd1 26.Qxd1 Qc6 27.Qd8+ Kh7 28.Qd3+ g6 29.Qd4 Kg7  1/2-1/2

[Event "V Ubeda Open"]
[Site "Ubeda ESP"]
[Date "2000.01.22"]
[Round "4"]
[White "Del Rio Angelis,S"]
[Black "San Segundo Carrillo,P"]
[Result "1/2-1/2"]
[WhiteElo "2463"]
[BlackElo "2497"]

1.Nf3 Nf6 2.c4 c5 3.Nc3 d5 4.cxd5 Nxd5 5.g3 g6 6.Bg2 Nc6 7.O-O Bg7 8.Ng5 e6
9.Nge4 Qe7 10.d3 O-O 11.Nxd5 exd5 12.Nc3 d4 13.Nd5 Qd8 14.Bf4 Bg4 15.Qc1 Bxe2
16.Re1 Bxd3 17.Qxc5 Rc8 18.Bd6 Re8 19.Be7 Qa5  1/2-1/2

[Event "Keres Mem (Rapid)"]
[Site "Tallinn EST"]
[Date "2000.01.23"]
[Round "4"]
[White "Ehlvest,J"]
[Black "Shirov,A"]
[Result "0-1"]
[WhiteElo "2622"]
[BlackElo "2751"]

1.Nf3 Nf6 2.c4 c5 3.Nc3 d5 4.cxd5 Nxd5 5.d4 Nxc3 6.bxc3 g6 7.e4 Bg7 8.Bb5+ Nc6
9.O-O cxd4 10.cxd4 O-O 11.Be3 Bg4 12.Bxc6 bxc6 13.Rc1 Qa5 14.Qd2 Qxd2 15.Nxd2 Rfd8
16.Nb3 a5 17.f3 Be6 18.Rxc6 a4 19.Nc1 Bxd4 20.Bxd4 Rxd4 21.Rf2 Rd1+ 22.Rf1 Rad8
23.Rc3 R1d2 24.Rf2 Rxf2 25.Kxf2 Rd2+ 26.Kg3 Bxa2 27.Nxa2 Rxa2 28.Rc7 e6 29.Ra7 g5
30.Kh3 Kg7 31.g3 h5 32.f4 g4+ 33.Kh4 Kh6  0-1

[Event "V Ubeda Open"]
[Site "Ubeda ESP"]
[Date "2000.01.25"]
[Round "7"]
[White "Piankov,E"]
[Black "Kovacevic,Sl"]
[Result "1/2-1/2"]
[WhiteElo "2375"]
[BlackElo "2415"]

1.Nf3 c5 2.c4 Nf6 3.Nc3 e6 4.e4 d6 5.d3 Nc6 6.g3 a6 7.Bg2 Be7 8.O-O O-O 9.h3 Rb8
10.a4 Nd7 11.Ne1 Nd4 12.Be3 Ne5 13.b4 cxb4 14.Bxd4 bxc3 15.a5 Bf6 16.Qc2 Nc6
17.Bb6 Qd7 18.Qa2 Bd4 19.Nc2 Bxb6 20.axb6 Qd8 21.Qb3 Qf6 22.Kh1 Nd4 23.Qxc3 Nxc2
24.Qxc2 Qd4 25.Rab1 Bd7 26.Kg1 Rfc8 27.Qb3 Rc5 28.Rfd1 Kf8 29.Qb2 Qxb2 30.Rxb2 Ke7
31.Ra1 e5 32.f4 f6 33.Kf2 Be6 34.Ke3 Rbc8 35.g4 g5 36.f5 Bf7 37.h4 h6 38.Bf3 Ra8
39.Be2 Rg8 40.Rh1 Rgc8 41.Bd1 Ra5 42.hxg5 hxg5 43.Rh7 Rac5 44.Kd2 Rf8 45.Kc3 Rcc8
46.Ba4 Rh8 47.Rbh2 Rxh7 48.Rxh7 Rd8 49.c5 Kf8 50.Rh8+ Ke7 51.Rxd8 Kxd8 52.cxd6 Be8
53.Bb3 Kd7 54.Bd5 Kxd6 55.Bxb7 Kc5 56.Bd5 Kxb6 57.d4 exd4+ 58.Kxd4 Kc7 59.e5 Bb5
60.exf6 Kd8 61.f7 Ke7 62.Bc4 Bc6 63.Ke5 a5 64.f8=Q+ Kxf8 65.Kf6 a4 66.Kxg5 Bf3
67.Ba2 Bd1 68.Kh5 Bb3 69.Bb1 a3 70.g5 Bc2 71.Ba2 Bxf5 72.Kh6 Ke7 73.g6  1/2-1/2

[Event "Perenyi Mem"]
[Site "Gyula HUN"]
[Date "2000.01.28"]
[Round "5"]
[White "Ruck,R"]
[Black "Danner,G"]
[Result "1-0"]
[WhiteElo "2472"]
[BlackElo "2443"]

1.Nf3 Nf6 2.c4 e6 3.Nc3 c5 4.g3 Nc6 5.Bg2 a6 6.O-O Qc7 7.b3 Rb8 8.d4 cxd4
9.Nxd4 Bb4 10.Bb2 O-O 11.Rc1 Nxd4 12.Qxd4 b6 13.Ne4 Be7 14.Rfd1 Rd8 15.Nd6 Bxd6
16.Qxd6 Qxd6 17.Rxd6 Ne8 18.Rd2 f6 19.Ba3 Kf7 20.Rcd1 b5 21.Bb4 d5 22.cxd5 e5
23.e4 Bd7 24.Rc1 Rdc8 25.Rdc2 Rxc2 26.Rxc2 g6 27.f4 Rc8 28.Rxc8 Bxc8 29.Kf2 g5
30.Ke3 gxf4+ 31.gxf4 Bg4 32.Bc3 exf4+ 33.Kxf4 Bc8 34.Bb4 Ng7 35.Bf3 Bd7 36.Be2 Kg6
37.e5 fxe5+ 38.Kxe5 Ne8 39.Bd3+ Kg7 40.Be7 Kf7 41.d6 h6 42.Be4 a5 43.Bd5+ Kg6
44.Be6 Bxe6 45.Kxe6  1-0

[Event "2nd Novak Nikolic mem"]
[Site "Belgrade YUG"]
[Date "2000.02.05"]
[Round "3"]
[White "Zontakh,A"]
[Black "Vuckovic,Bo"]
[Result "1/2-1/2"]
[WhiteElo "2576"]
[BlackElo "2427"]

1.Nf3 Nf6 2.c4 c5 3.Nc3 e6 4.g3 b6 5.Bg2 Bb7 6.O-O Be7 7.Re1 Ne4 8.d4 O-O
9.d5 Nxc3 10.bxc3 Bf6 11.Qc2 exd5 12.cxd5 Bxd5 13.e4 Bc6 14.Bf4 Na6 15.Rad1 Rc8
16.h4 h6 17.Nd2 Be7 18.Nc4 Nc7 19.Bh3 Ne6 20.Bd6 b5 21.Bxe7 Qxe7 22.Nd6 Rb8
23.e5 b4 24.Nf5 Qd8 25.c4 Kh8 26.Rd6 Qa5 27.Re3 Rfe8 28.Qe2 Nd4 29.Qh5 Re6
30.Qxf7 Nxf5 31.Qxf5 Rxd6 32.exd6 Qxa2 33.Bf1 Qa1 34.Qf7 b3 35.h5 b2 36.Re8+ Rxe8
37.Qxe8+ Kh7 38.Qg6+ Kg8 39.Qe8+ Kh7  1/2-1/2

[Event "Renome 2000"]
[Site "Bjeljina YUG"]
[Date "2000.02.05"]
[Round "10"]
[White "Nestorovic,D"]
[Black "Stojanovic,Da"]
[Result "1-0"]
[WhiteElo "2386"]
[BlackElo "2249"]

1.c4 c5 2.Nf3 Nf6 3.Nc3 e6 4.g3 b6 5.Bg2 Bb7 6.O-O Be7 7.b3 O-O 8.Bb2 d5
9.cxd5 Nxd5 10.Rc1 Bf6 11.Qc2 Nxc3 12.Bxc3 Bxc3 13.Ng5 Qxg5 14.Bxb7 Nd7 15.Bxa8 Bxd2
16.Rcd1 Rxa8 17.Qxd2 Qxd2 18.Rxd2 Nf6 19.Rfd1 Re8 20.Rd6 g5 21.Rc6 Re7 22.f3 Rb7
23.Rd8+ Kg7 24.e4 h5 25.Kf2 e5 26.h4 Nd7 27.Rdc8 c4 28.bxc4 Nc5 29.R6c7 Rxc7
30.Rxc7 Nd3+ 31.Ke3 Nb2 32.Kd2 a5 33.c5  1-0

[Event "Extraliga CZE"]
[Site "Ostrava CZE"]
[Date "2000.02.05"]
[Round "8"]
[White "Banas,J"]
[Black "Spacek,P"]
[Result "1/2-1/2"]
[WhiteElo "2400"]
[BlackElo "2410"]

1.c4 c5 2.Nf3 Nf6 3.Nc3 e6 4.e3 d5 5.d4 cxd4 6.exd4 Be7 7.cxd5 Nxd5 8.Bd3 b6
9.Nxd5 Qxd5 10.O-O Bb7 11.Re1 Nc6 12.Be4 Qd6 13.Ne5 Nxe5 14.Bxb7 Rd8 15.Bf4 Qd7
16.Be4 Ng6 17.Be3 O-O 18.Bf3 Bf6  1/2-1/2

[Event "NED-chT"]
[Site "Amsterdam NED"]
[Date "2000.02.06"]
[Round "2"]
[White "Vaganian,R"]
[Black "De Haan,E"]
[Result "1-0"]
[WhiteElo "2618"]
[BlackElo "2283"]

1.Nf3 Nf6 2.c4 c5 3.Nc3 b6 4.e4 d6 5.d4 cxd4 6.Nxd4 Bb7 7.f3 e6 8.Be3 Be7
9.Qa4+ Nfd7 10.Be2 O-O 11.O-O a6 12.Rac1 Qc7 13.Rfd1 Nf6 14.Bf1 Nbd7 15.Qc2 Rac8
16.Qf2 Qb8 17.b3 Bd8 18.g4 h6 19.h4 Ne5 20.g5 Nh5 21.Bh3 Ng6 22.Nce2 hxg5
23.hxg5 d5 24.Nxe6 fxe6 25.Bxe6+ Kh7 26.exd5 Qe5 27.Rd4 Bxg5 28.Re4 Qxe4
29.fxe4 Rxf2 30.Kxf2 Rf8+ 31.Bf5 Bxe3+ 32.Kxe3 Bc8 33.Rh1 Kh6 34.Bxc8 Rxc8
35.Kd4 Kg5 36.Rg1+ Kf6 37.e5+ Nxe5 38.Rf1+ Kg6 39.Kxe5 Re8+ 40.Kd6 Rxe2 41.Kc6 Rxa2
42.Kxb6 Rb2 43.Rf3 Nf6 44.d6 Rd2 45.Kc6 Ng4 46.Kc7 Ne5 47.Rf8 a5 48.Ra8 Kf6
49.Rxa5 g5 50.c5 Ke6 51.Ra6 Nd7 52.c6 Ne5 53.d7 Ke7 54.Ra1 Rd6 55.Rc1 g4
56.b4 g3 57.b5 Nd3 58.Rc4 g2 59.Re4+ Kf7 60.Rg4 Ke7 61.Rg7+ Kf6 62.Rxg2  1-0

[Event "Goodricke Open"]
[Site "Calcutta IND"]
[Date "2000.02.08"]
[Round "3"]
[White "Vijayalakshimi,S"]
[Black "Roeder,M"]
[Result "0-1"]
[WhiteElo "2383"]
[BlackElo "2413"]

1.c4 Nf6 2.Nc3 c5 3.Nf3 b6 4.e3 g6 5.Be2 Bg7 6.O-O O-O 7.d4 d6 8.d5 e5 9.dxe6 fxe6
10.Ng5 a6 11.Qd3 Qe7 12.Rd1 Rd8 13.Na4 Qc7 14.Qb3 b5 15.cxb5 d5 16.b6 Qc6
17.Nxc5 Qxc5 18.b7 Ra7 19.bxc8=Q Qxc8 20.Qb6 Nc6 21.Bd2 Nd7 22.Qb3 Rb7 23.Qa4 Nc5
24.Qa3 Ne4 25.Nxe4 Bxb2 26.Nd6 Qb8 27.Qxa6 Rb6 28.Qa4 Bxa1 29.Nb5 Be5 30.Qg4 Bxh2+
31.Kh1 Ne5 32.Qh4 Nc4 33.Bc3 Rc8 34.a4 Be5 35.Be1 Qa8 36.Nd4 Qxa4 37.Nf3 Bg7
38.Qe7 Qe8 39.Qa7 Ra8 40.Qc7 Qf7 41.Qc5 Rbb8 42.Ng5 Qf5 43.Nh3 Rc8 44.Qe7 Qf6
45.Qb7 Qb2 46.Qxb2 Bxb2 47.Bg4 Rc6 48.Ng5 Raa6 49.e4 d4 50.Be2 Ra1 51.Rxa1 Bxa1
52.Nxe6 Bc3 53.Bxc3 dxc3 54.Nd4 Na3 55.Bd1 Rd6 56.Bb3+ Kg7 57.Ne2 c2 58.Kh2 Rd2  0-1

[Event "5th HIT Open"]
[Site "Nova Gorica SLO"]
[Date "2000.02.09"]
[Round "9"]
[White "Srebrnic,A"]
[Black "Cioara,A"]
[Result "1/2-1/2"]
[WhiteElo "2177"]
[BlackElo "2353"]

1.Nf3 Nf6 2.c4 e6 3.Nc3 c5 4.g3 b6 5.Bg2 Bb7 6.O-O Be7 7.d4 cxd4 8.Qxd4 Nc6
9.Qd3 O-O 10.b3 a6 11.Bb2 d6 12.Nd4 Ne5 13.Qd2 Bxg2 14.Kxg2 Qc7 15.e4 Qb7
16.f3 Nc6 17.Nxc6 Qxc6 18.Rac1 Rfd8 19.Qe2 Qb7 20.a4 Rac8 21.Rfd1 Qc6 22.Na2 Nd7
23.Ba3 Nc5 24.Bxc5 Qxc5 25.Nc3 Qb4 26.Qc2 Bf6 27.Na2 Qa3 28.Nc3 h6 29.Ra1 Qb4
30.Rac1 Kf8 31.Rd3 Rc6 32.Ne2 Rdc8 33.Nd4 R6c7 34.Ne2 b5 35.axb5 axb5 36.Qd1 bxc4
37.Rxc4 Rxc4 38.bxc4 Ke7 39.Qb3 Qxc4 40.Nf4 Qc2+ 41.Kh3 Be5 42.Qxc2 Rxc2
43.Ra3 Bxf4 44.gxf4 Kf6 45.Ra6 Rd2 46.Kg3 g5 47.fxg5+ hxg5 48.h4 gxh4+ 49.Kxh4 Ke5
50.Kg3 f5 51.Ra5+ d5 52.exd5 f4+ 53.Kh3 Rxd5 54.Ra2 Kd4 55.Kg4 e5 56.Rd2+ Kc4
57.Re2 Kc5 58.Kf5 Kd4 59.Rd2+ Kc4 60.Re2 Kd3 61.Re4 Ra5 62.Ke6 Kd2 63.Kf5 Rb5
64.Ke6 Rb3  1/2-1/2

[Event "Petroff Mem Open"]
[Site "St Petersburg RUS"]
[Date "2000.02.09"]
[Round "3"]
[White "Ragozin,E"]
[Black "Fominyh,A"]
[Result "1-0"]
[WhiteElo "2475"]
[BlackElo "2551"]

1.c4 Nf6 2.Nf3 c5 3.Nc3 e6 4.e3 d5 5.d4 Nc6 6.cxd5 exd5 7.Be2 cxd4 8.Nxd4 Bd6
9.O-O O-O 10.Nf3 a6 11.b3 Be6 12.Bb2 b5 13.Qd3 Qb6 14.Rfd1 Bc5 15.a4 Nb4
16.Qd2 d4 17.exd4 Be7 18.a5 Qa7 19.d5 Rad8 20.Nd4 Nfxd5 21.Nxd5 Rxd5 22.Bf3 Rdd8
23.Qc3 Qc5 24.Nc6 Rxd1+ 25.Bxd1 f6 26.Nxe7+ Qxe7 27.Ba3 Nd5 28.Bxe7 Nxc3
29.Bxf8 Kxf8 30.Bf3 b4 31.Bb7 Bxb3 32.Bxa6 Bd5 33.Bd3 Ke7 34.a6 Kd6 35.a7 Ba8
36.Re1 Kc7 37.Re8 Kb7 38.Rb8+ Kc7 39.Rxb4 g6 40.Rh4  1-0

[Event "It"]
[Site "Ptuj SLO"]
[Date "2000.02.11"]
[Round "2"]
[White "Polajzer,D"]
[Black "Krumpacnik,D"]
[Result "1/2-1/2"]
[WhiteElo "2387"]
[BlackElo "2384"]

1.Nf3 Nf6 2.c4 c5 3.Nc3 g6 4.d4 cxd4 5.Nxd4 b6 6.e4 d6 7.Be2 Bb7 8.f3 Bg7
9.Be3 Nc6 10.Qd2 O-O 11.O-O Rc8 12.Rac1 Qd7 13.Rfd1 Nxd4 14.Bxd4 Rfd8 15.Bf1 Bc6
16.Qe1 Qb7 17.e5 dxe5 18.Bxe5 e6 19.Rc2 Qe7 20.Rcd2 Rxd2 21.Qxd2 Ne4 22.Qd4 Bxe5
23.Qxe5 Nxc3 24.Qxc3 Qc5+ 25.Kh1 a5 26.Qf6 Re8 27.h4 Qe7 28.Qxe7 Rxe7 29.Rd6 Rc7
30.Rd8+ Kg7 31.b3 e5 32.Kg1 f5 33.Kf2 f4 34.g4 fxg3+ 35.Kxg3 Kf6 36.Bh3 Ke7
37.Rb8 Bb7 38.a3 Kd6 39.b4 axb4 40.axb4 Rf7 41.Rd8+ Kc7 42.Rd3 h6 43.Be6 Rf4
44.Rd7+ Kb8 45.Rf7 Bc8 46.Bd5 Rxf7 47.Bxf7 g5 48.hxg5  1/2-1/2

[Event "Goodricke Open"]
[Site "Calcutta IND"]
[Date "2000.02.14"]
[Round "9"]
[White "Sorokin,M"]
[Black "Roeder,M"]
[Result "0-1"]
[WhiteElo "2572"]
[BlackElo "2413"]

1.Nf3 Nf6 2.c4 b6 3.Nc3 c5 4.d4 cxd4 5.Nxd4 Bb7 6.f3 d6 7.e4 e6 8.Be2 Be7
9.O-O O-O 10.Be3 a6 11.a4 Nc6 12.Kh1 Re8 13.Nxc6 Bxc6 14.Qb3 Nd7 15.Rfd1 Qc7
16.Rac1 Rab8 17.Qa2 Ba8 18.Bf1 Red8 19.b3 Nc5 20.Bf4 Nd7 21.Qf2 Ne5 22.Be3 Bf6
23.Ne2 Nd7 24.Nd4 Nc5 25.Qa2 Bxd4 26.Bxd4 a5 27.Rd2 Rf8 28.Rcd1 Rbd8 29.Qb2 f6
30.Qc3 e5 31.Be3 f5 32.exf5 Rxf5 33.Bd3 Rf7 34.Be2 h6 35.Bxc5 bxc5 36.g3 Rf6
37.Kg1 Rdf8 38.Rd3 e4 39.fxe4 Bxe4 40.R3d2 Bb7 41.Bf1 Rf3 42.Qc2 Qe7 43.Re2 Qf6
44.Bg2 Rc3 45.Bxb7 Rxc2 46.Rxc2 Qe5 47.Kg2 Qe3 48.Rb2 Qc3 49.Rdd2 Kh8 50.Be4 g5
51.Rdc2 Qe1 52.Bd3 Qe3 53.Be2 Rf2+ 54.Kh3 Qe4 55.Rd2 Kg7  0-1

[Event "16th open"]
[Site "Cappelle La Grande FRA"]
[Date "2000.02.19"]
[Round "1"]
[White "Akesson,R"]
[Black "Dvoirys,S"]
[Result "1-0"]
[WhiteElo "2493"]
[BlackElo "2591"]

1.Nf3 Nf6 2.c4 c5 3.Nc3 e6 4.g3 b6 5.Bg2 Bb7 6.O-O Be7 7.Re1 d5 8.cxd5 exd5
9.d4 O-O 10.Bf4 Nc6 11.Rc1 Ne4 12.dxc5 Bxc5 13.Nxe4 dxe4 14.Ng5 e3 15.fxe3 Qe7
16.Ne4 Nb4 17.Nxc5 Bxg2 18.Qd7 Qxd7 19.Nxd7 Rfd8 20.Kxg2 Rxd7 21.a3 Nd5 22.Red1 Rad8
23.Kf3 f5 24.Rd4 Kf7 25.Bg5 Rf8 26.e4 fxe4+ 27.Kxe4 Kg6 28.h4 h6 29.Rc6+ Kh5
30.Rxd5 Rxd5 31.Kxd5 hxg5 32.hxg5 Rf5+ 33.Kd6 Rxg5 34.Rc7 Rb5 35.b3 Kg4 36.e4 Ra5
37.e5 Rxa3 38.e6 Ra1  1-0

[Event "It"]
[Site "Ptuj SLO"]
[Date "2000.02.19"]
[Round "9"]
[White "Mohr,G"]
[Black "Krumpacnik,D"]
[Result "1/2-1/2"]
[WhiteElo "2488"]
[BlackElo "2384"]

1.Nf3 Nf6 2.c4 c5 3.Nc3 g6 4.e4 d6 5.d4 cxd4 6.Nxd4 Bg7 7.Be2 O-O 8.O-O Nc6
9.Nc2 Bd7 10.Be3 a5 11.f3 a4 12.Qd2 Qa5 13.Rab1 Nb4 14.Na3 Rfc8 15.Rfd1 Na6
16.Bf1 Nc5 17.Nab5 Bc6 18.Qf2 Nfd7 19.Nd5 Bxd5 20.exd5 Re8 21.b4 axb3 22.axb3 Na6
23.b4 Qd8 24.c5 Ne5 25.h3 dxc5 26.bxc5 Qa5 27.Bd4 Nd7 28.c6 bxc6 29.dxc6 Bxd4
30.Qxd4 Ndc5 31.c7 Ne6 32.Ra1 Nxd4 33.Rxa5 Ne6 34.c8=Q Rexc8 35.Nd4 Nac5
36.Rxa8 Rxa8 37.Nxe6 Nxe6 38.Bc4 Nc5 39.Rd2 Kg7 40.Rc2 e6 41.Bb5 Nb3 42.Bf1 Nd4
43.Rd2 e5 44.Kf2 Ra4 45.Rb2 g5 46.Bd3 Ra7 47.Kg3 h6 48.h4 Ra3 49.Bb1 Rb3
50.Rxb3 Nxb3 51.hxg5 hxg5 52.Kg4 Kf6 53.g3 Nd4 54.Bd3 Ne6 55.Bf5 Nd4 56.Bd3 Ne6
57.Bf5 Nc5 58.Bc2 Ne6  1/2-1/2

[Event "Belgian Interteams 1999-2000"]
[Site "Antwerp BEL"]
[Date "2000.02.20"]
[Round "10"]
[White "Luminet,D"]
[Black "Weemaes,R"]
[Result "1/2-1/2"]
[WhiteElo "2279"]
[BlackElo "2292"]

1.c4 Nf6 2.Nf3 c5 3.Nc3 g6 4.e3 Bg7 5.Be2 O-O 6.O-O d5 7.d4 cxd4 8.exd4 Nc6
9.Re1 Bg4 10.cxd5 Nxd5 11.h3 Bxf3 12.Bxf3 e6 13.Nxd5  1/2-1/2

[Event "Open"]
[Site "Cannes FRA"]
[Date "2000.02.20"]
[Round "1"]
[White "Teychene,JL"]
[Black "Pira,D"]
[Result "0-1"]
[WhiteElo "2129"]
[BlackElo "2450"]

1.Nf3 c5 2.c4 e6 3.Nc3 Nf6 4.g3 b6 5.Bg2 Bb7 6.O-O a6 7.b3 d6 8.Bb2 Be7 9.d4 cxd4
10.Nxd4 Bxg2 11.Kxg2 Qc7 12.Qd2 O-O 13.f3 Nc6 14.Nc2 Qb7 15.e4 b5 16.Ne3 Rfc8
17.Ne2 Ne5 18.Bxe5 dxe5 19.Rac1 Rd8 20.Qc3 Nxe4 21.Qxe5 Nd2 22.Qf4 Bd6 23.Qg4 f5
24.Nxf5 exf5 25.Qxf5 Rf8 26.Qe6+ Kh8 27.Ng1 Bc5 28.Rc3 Bxg1 29.c5 Rae8 30.c6 Qb6  0-1

[Event "Open"]
[Site "Cannes FRA"]
[Date "2000.02.21"]
[Round "2"]
[White "Bonati,C"]
[Black "Templier,N"]
[Result "1/2-1/2"]
[WhiteElo "2079"]
[BlackElo "2244"]

1.c4 Nf6 2.Nc3 e6 3.Nf3 c5 4.g3 b6 5.Bg2 Bb7 6.O-O Be7 7.b3 d5 8.cxd5 Nxd5
9.Nxd5 Bxd5 10.Bb2 Bf6 11.Bxf6 Qxf6 12.d4 Nd7 13.dxc5 Nxc5 14.Qd4 Qxd4 15.Nxd4 O-O-O
16.Rfd1 Bxg2 17.Kxg2 Rd7 18.Nc6 Rc7 19.Ne5 b5 20.Rac1 Rf8 21.b4 Na6 22.a3 Rxc1
23.Rxc1+ Kb7 24.Kf3 Nb8 25.Ke3 f6 26.Nd3 Nd7 27.Nc5+ Nxc5 28.Rxc5 Kb6 29.Rc3 Rd8
30.Rd3 Rxd3+ 31.Kxd3 Kc6 32.Kd4 Kd6 33.e4 h5 34.Ke3 g5 35.f4 a6 36.Kd4 e5+
37.fxe5+ fxe5+ 38.Ke3  1/2-1/2

[Event "Masters KO"]
[Site "Cannes FRA"]
[Date "2000.02.22"]
[Round "4.4"]
[White "Savchenko,S"]
[Black "Kogan,A"]
[Result "0-1"]
[WhiteElo "2574"]
[BlackElo "2483"]

1.Nf3 Nf6 2.c4 c5 3.Nc3 b6 4.g3 Bb7 5.Bg2 g6 6.O-O Bg7 7.d4 cxd4 8.Qxd4 Nc6
9.Qf4 Rc8 10.Bd2 O-O 11.Rac1 d6 12.Qh4 Qd7 13.b3 Na5 14.Bg5 Rfe8 15.Rfd1 Rc5
16.Qf4 a6 17.Qd2 Rc7 18.Nd5 Bxd5 19.cxd5 Ne4 20.Qe3 Nc3 21.Rd2 Qb5 22.Ne1 Nxe2+
23.Rxe2 Rxc1 24.Qxc1 Qxe2 25.Bf1 Qe5 26.b4 Nb7 27.Bxa6 Qxd5 28.Qc7 Qxg5 29.Bxb7 Bd4
30.Nd3 Qd2 31.Ba6 e5 32.Bc4 Rf8 33.Qc6 Qd1+ 34.Kg2 Qg4 35.h3 Qf5 36.Qd5 Rc8
37.a4 Qf6 38.h4 e4 39.Nf4  0-1

[Event "ch-Serbia"]
[Site "Kragujevac YUG"]
[Date "2000.02.23"]
[Round "5"]
[White "Ostojic,N"]
[Black "Popovic,Dj"]
[Result "1/2-1/2"]
[WhiteElo "2419"]
[BlackElo "2313"]

1.Nf3 c5 2.c4 Nf6 3.Nc3 g6 4.d4 cxd4 5.Nxd4 Bg7 6.e4 d6 7.Be2 O-O 8.O-O Nc6
9.Nc2 Nd7 10.Bd2 Nc5 11.b4 Ne6 12.Rb1 Ncd4 13.Nxd4 Nxd4 14.Nd5 e6 15.Ne3 b6
16.Bd3 Bb7 17.Re1 Qc7 18.Nc2 Nxc2 19.Qxc2 Rac8 20.Rbc1  1/2-1/2

[Event "ch-Serbia"]
[Site "Kragujevac YUG"]
[Date "2000.02.24"]
[Round "6"]
[White "Jakovljevic,Vlado"]
[Black "Vuckovic,Bo"]
[Result "1-0"]
[WhiteElo "2310"]
[BlackElo "2427"]

1.Nf3 Nf6 2.c4 c5 3.Nc3 e6 4.d4 cxd4 5.Nxd4 Nc6 6.g3 Qb6 7.Ndb5 Bc5 8.Nd6+ Ke7
9.Nde4 Nxe4 10.Nxe4 Bb4+ 11.Bd2 d5 12.cxd5 exd5 13.Nc3 Be6 14.Bg2 Rhd8 15.O-O Kf8
16.Na4 Qa5 17.Bf4 Bd6 18.Bxd6+ Rxd6 19.Rc1 Re8 20.Nc5 Bc8 21.a3 Qb5 22.Rc2 Rdd8
23.b4 a5 24.Nd3 axb4 25.axb4 Bg4 26.h3 Bf5 27.Rd2 d4 28.Rb2 Rxe2 29.Qxe2 Bxd3
30.Qd1 Bxf1 31.Bxf1 d3 32.Rd2 Nxb4 33.Qb3 Qc5 34.Bxd3 Qd6 35.Bg6 Nd5 36.Be4 Qe7
37.Rxd5 Rc8 38.Bg2 Qe1+ 39.Bf1 g6 40.Rd1 Qe7 41.Rb1 Rc7 42.Bg2  1-0

[Event "Open"]
[Site "Cannes FRA"]
[Date "2000.02.26"]
[Round "7"]
[White "Miton,K"]
[Black "Sarthou,G"]
[Result "1-0"]
[WhiteElo "2425"]
[BlackElo "2345"]

1.c4 Nf6 2.Nc3 c5 3.Nf3 g6 4.d4 cxd4 5.Nxd4 Bg7 6.e4 Nc6 7.Be3 Ng4 8.Qxg4 Nxd4
9.Qd1 Ne6 10.Rc1 O-O 11.Be2 d6 12.O-O Bd7 13.Qd2 Re8 14.Rfd1 Bc6 15.f3 b6
16.Nd5 Qc8 17.b3 Qb7 18.Qe1 Nc7 19.Qf1 Rac8 20.Nb4 Bd7 21.Qf2 Ne6 22.Nd5 Nc7
23.Nc3 Ne6 24.Bf1 Rb8 25.Rc2 Bc6 26.Nd5 Nc7 27.Nc3 Ne6 28.Rb1 Rec8 29.Nd5 Re8
30.Nc3 Rec8 31.b4 Qd7 32.a3 Qd8 33.Rcc1 Qf8 34.Nd5 Bd7 35.Qh4 Re8 36.Rd1 Rbc8
37.Rd2 Nc7 38.Rbd1 Nxd5 39.exd5 Bf6 40.Qf2 Rc7 41.Rc1 Rec8 42.c5 bxc5 43.bxc5 dxc5
44.Ba6 c4 45.Bxc8 Qxc8 46.Bd4 Qa6 47.Rc3 Rb7 48.Rd1 Ba4 49.Rdc1 Bb3 50.Re1 Bxd4
51.Qxd4 Qxa3 52.Qxc4 Bxc4 53.Rxa3 Rd7 54.Ra5 Bxd5 55.Rd1 e6 56.Rda1 Kg7 57.Rxa7 Rxa7
58.Rxa7 g5 59.Kf2 Kg6 60.Ra4 h6 61.Ke3 f5 62.g3 Kf6 63.Ra6 Ke5 64.f4+ Kf6
65.Kd4 Bf3 66.Rb6 Bd5 67.Rb8 Ba2 68.Rb5 Bd5 69.Rb4 Bf3 70.Kc5 Bd5 71.Kd6 Bf3
72.Rb8 gxf4 73.gxf4 Bd5 74.Rg8 Kf7 75.Rg3 Bc4 76.Ke5 Ba2 77.Rg1 Bb3 78.h4 Bd5
79.Rg3 Bc4 80.Rc3 Be2 81.Rc6 Kg6 82.Rxe6+ Kh5 83.Kxf5  1-0

[Event "Caissa Open"]
[Site "Kharkov UKR"]
[Date "2000.03.01"]
[Round "8"]
[White "Shalimov,V UKR"]
[Black "Budnikov,O"]
[Result "0-1"]
[WhiteElo "2400"]
[BlackElo "2363"]

1.c4 Nf6 2.Nc3 e6 3.Nf3 c5 4.g3 b6 5.Bg2 Bb7 6.O-O Be7 7.d4 cxd4 8.Qxd4 Nc6
9.Qf4 d6 10.Rd1 O-O 11.b3 Qb8 12.e4 a6 13.Ba3 Ne5 14.Qe3 Nxf3+ 15.Bxf3 Nd7
16.Rd2 Rc8 17.Rad1 Nc5 18.Bg2 Bc6 19.b4 Nd7 20.b5 axb5 21.Bxd6 Bxd6 22.Rxd6 b4
23.Nb5 Nf8 24.Qb3 Qb7 25.R6d2 Bxb5 26.cxb5 Qe7 27.Rd6 Ra3 28.Qxb4 Rxa2 29.Qd4 Rcc2
30.Qxb6 Rab2 31.Bf1 Qf6 32.Rd8 g5 33.f4 Rxh2 34.Rxf8+ Kxf8 35.Qc5+ Kg7 36.Qxg5+ Qxg5
37.fxg5 Rbd2  0-1

[Event "II Vince Toth Mem"]
[Site "Rio de Janeiro BRA"]
[Date "2000.03.01"]
[Round "6"]
[White "Galego,L"]
[Black "Vescovi,G"]
[Result "0-1"]
[WhiteElo "2451"]
[BlackElo "2511"]

1.c4 Nf6 2.Nc3 e6 3.Nf3 c5 4.e3 Nc6 5.a3 d5 6.d4 cxd4 7.exd4 Be7 8.c5 Ne4
9.Bb5 Nxc3 10.bxc3 O-O 11.O-O Bd7 12.Rb1 b6 13.cxb6 axb6 14.a4 Qc7 15.Re1 Rfc8
16.Qd3 h6 17.Bd2 Bf6 18.g4 Na5 19.Bxd7 Qxd7 20.g5 hxg5 21.Bxg5 Bd8 22.Ne5 Qc7
23.Bxd8 Qxd8 24.Re3 Nc4 25.Rh3 Qg5+ 26.Kh1 Nxe5 27.dxe5 Qxe5 28.Qh7+ Kf8
29.Rxb6 Rxa4 30.Re3 Qg5 31.Qh8+ Ke7 32.Rb7+ Kf6 33.Qh7 Ra1+ 34.Rb1 Rh8 35.Qd3 Qf4
36.Rg3 Rxb1+ 37.Qxb1 Qe4+ 38.Qxe4 dxe4 39.Rg4 Ke5 40.Rxg7 f5 41.Kg2 Rc8 42.Rg3 f4
43.Rh3 f3+ 44.Kf1 Rxc3 45.Ke1 Rc1+ 46.Kd2 Rf1  0-1